MDQL
is popping MORE tags! Check the
thread
!
Quizzes
Events
Quiz Creation
Community
Videos
Private Events
Remove Ads
Sign In
Join for FREE
Feedback
Dark Mode
Quiz Categories
Sports
Geography
Music
Movies
Television
Just For Fun
Miscellaneous
History
Literature
Language
Science
Gaming
Entertainment
Religion
Holiday
For Kids
Quiz Lab
Recent
Popular Today
Quiz Kudos Today
Editor Picks
Curator Picks
Quizzes by...
Day
Popularity
Type
Ratings
Length
Year
Community
Subscriptions
Recent Discussions
Orange Saloon
Badges
Playlists
Quests
Create
Leaderboards
Showdown
Live 5
Trivia Bingo
Activity
Puzzle Library
Sporcle Events
Private Events
Virtual Trivia
Globe League
Become a Host
Pub Owners
SporcleCon
Opinionation
Our Games
Videos
Blog
Mobile Apps
Partnerships
Remove Ads and Go Orange
Feedback
Music
Pop Music
The Beatles
Song
Album
Lyrics
Bands
Singers
Artist
Clip
Rock
Rap
Classical
Billboard
Country Music
Kpop
Taylor Swift
Music
Pop Music
The Beatles
Song
Album
Lyrics
Bands
Singers
Artist
Clip
Rock
Rap
Classical
Billboard
Country Music
Kpop
Taylor Swift
Random Quiz
Search Sporcle
×
Quiz Lab
Quiz Lab
Music
Song
Type in answers that appear in a list
Type in answers that appear in a list
Classic
Best Score? Go Orange.
Rasputin Lyrics Stats
Can you finish the lyric in the song Rasputin?
By
SporcleEXP
12m
42 Questions
75 Plays
75 Plays
75 Plays
Comments
Comments
Give Quiz Kudos
Give Quiz Kudos
-
- Ratings
hide this ad
Forced Order
Answers have to be entered in order
Answers have to be entered in order
Replay
Link that replays current quiz
Next Quiz
Link to next quiz in quiz playlist
You Got
0%
They Got
Avg Score
40%
Avg Friend Score
Upgrade to see
Score Distribution
Jump to the score distribution portion of the page
Score
0/42
Timer
12:00
0
Plays Today
Hint
Answer
% Correct
There was a certain man
in Russia long ago
84.9%
Ra ra Rasputin
Lover of the Russian Queen
69.9%
He could preach
the bible like a preacher
63%
Full of ecstasy
and fire
61.6%
Ra ra Rasputin
Russia's greatest love machine
60.3%
But to Moscow chicks
he was such a lovely dear
56.2%
It was a shame
how he carried on
54.8%
But he also was the kind of teacher
women would desire
53.4%
Ra ra Rasputin
lover of the Russian queen
53.4%
He was big and strong
in his eyes a flaming glow
52.1%
Ra ra Rasputin
Russia's greatest love machine
47.9%
It was a shame
how he carried on
46.6%
Ra ra Rasputin
Lover of the Russian queen
46.6%
Who would
heal her son
45.2%
She believed he
was a holy healer
43.8%
They put some
poison into his wine
42.5%
Ra ra Rasputin
Lover of the Russian queen
42.5%
Ra ra Rasputin
Russia's greatest love machine
41.1%
Oh,
those Russians
41.1%
Ra ra Rasputin
Russia's greatest love machine
39.7%
He drank it all
and said I feel fine
39.7%
Hint
Answer
% Correct
Most people looked at him
with terror and fear
37%
In all affairs of state
he was the man to please
37%
But he was real great
when he had a girl to squeeze
35.6%
Though she'd heard
the things he'd done
35.6%
Come to visit us they kept demanding
and he really came
35.6%
They didn't quit,
they wanted his head
35.6%
Though he was a brute
they just fell into his arms
32.9%
Then one night
some men of higher standing
32.9%
He ruled the Russian land
never mind the tzar
31.5%
But the cassok he danced
really wunderbar
30.1%
The demands to do something about this outrageous man
became louder and louder
30.1%
But the ladies begged
don't you try to do it, please
27.4%
Set a trap,
they're not to blame
27.4%
For the queen
he was no wheeler dealer
26%
But when his drinking
and his lusting
26%
And so they shot him
'til he was dead
26%
This man's just got to go
declared his enemies
24.7%
And his hunger for power
became known to more and more people
20.5%
No doubt this Rasputin
had lots of hidden charms
20.5%
There was a cat
who really was gone
17.8%
There was a cat
who really was gone
16.4%
Quiz Playlist
Details
Report
Send in Message
Add To Playlist
Classic:
Type in answers that appear in a list
Forced Order:
Answers have to be entered in order
Last Updated: Apr 12, 2017
Quiz Scoreboard
CHALLENGE
Sign Up to Join the Scoreboard
Show All
Scores
Hide
Comments
May contain spoilers
Recently Published
Find the 'City' Movie
by crazypaving
Movies
60s
5x2 Blitz: Bands
by SL_Kpop136
Music
30s
Colored Red Africa Blitz
by spor1
Geography
30s
More to Explore
Quiz From the Vault
Featured Blog Post
14 Easter Pick-up Lines to Find Eggs With
hide this ad
You Might Also Like...
Tags
Song Quiz
Today's Top Quizzes in Music
Browse Music
hide this ad
Today's Top Quizzes in Song
Browse Song
Top Contributed Quizzes in Music
1
5X2 Blitz: Bands II
2
Taylor Swift All Songs (2024)
3
Taylor Swift Logic Puzzle II
4
5X2 Blitz: The Beatles
5
5X2 Blitz: Billboard
6
Taylor Swift Logic Puzzle
7
5X2 Blitz: Billboard II
8
5X2 Blitz: Album
9
5X2 Blitz: Singers
10
Music Artist by Three 2010s hits
Explore More
Trending Topics
NBA
Anime
Harry Potter
Kpop
Crossword
Disney
Marvel
Soccer
NFL
Country
Song
WWE
Puzzle
Pokémon
The Office
hide this ad
More By:
SporcleEXP
Quiz
Plays
Rating
Category
Featured
Created
Harry Potter Deaths in Order Minefield
3,068,764
4.18
Literature
Jan 27, 2016
Sins, Dwarfs, and Spice Girls
847,321
4.42
Just For Fun
Apr 11, 2012
Ancient History Bunker
708,282
4.28
History
Jan 20, 2014
Movie Posters VI
679,084
4.37
Movies
Nov 12, 2010
Movie Posters VII
621,906
4.44
Movies
Apr 16, 2011
Go to Creator's Profile
Score Distribution
Quiz Creator Spotlight
SporcleEXP
Follow
Send a Message
Quizzes Created
-
Created Quiz Play Count
-
More By This Creator
Popular Quizzes Today
1
Colored Red Africa Blitz
2
Find the US States - No Outlines Minefield
3
Find the 'City' Movie
4
5x2 Blitz: Bands
5
The Countries of the World
6
Find the US States
7
US States
8
9x9 Crossword: Cartoon Network
More Music Quizzes
Composer by Statue
Editor's Pick
Trending Quizzes
Colored Red Europe Blitz I
Colored Red Europe Blitz II
Colored Red Africa Blitz II
Colored Red Europe Blitz III
Colored Red Africa Blitz III
Recently Updated
Godzilla Movies
pecheneg
Grab Bag: 4-10 Letters
pecheneg
2024 March Madness Bracket
pecheneg
Famous TV Couples
Peacemaker
Champions League XIs: Real Madrid
pecheneg
Largest US Cities 1790-2010
pecheneg
Rides in Walt Disney World
pecheneg
Most Oscar Losses (Acting)
pecheneg
Beyoncé Albums
pecheneg
Leaping Animals
pecheneg
Trending Topics
Marvel
Harry Potter
Anime
Kpop
Crossword
Disney
NBA
Song
Country
Puzzle
Soccer
The Office
NFL
Pokémon
WWE
Your Account Isn't Verified!
In order to create a playlist on Sporcle, you need to verify the email address you used during registration. Go to your
Sporcle Settings
to finish the process.
Report this User
Report this user for behavior that violates our
Community Guidelines
.
Details:
Send Report
Go to the Sporcle.com Mobile Site →
Comments